000 00280nam a2200121Ia 4500
999 _c14302
_d14302
008 260210s9999 xx 000 0 und d
020 _a9780727758149
082 _a711.73
100 _aHill
245 0 _aCar Park Designers' Handbook, 2Nd Ed.
260 _bTTL
942 _cUG
_2ddc